[Event "ch-Arab Open 2013"]
[Site "Abu Dhabi UAE"]
[Date "2013.12.13"]
[Round "7.1"]
[White "Amin,B"]
[Black "Faisal,Ab"]
[Result "1-0"]
[WhiteElo "2654"]
[BlackElo "2247"]

1.Nf3 d5 2.g3 c5 3.Bg2 Nc6 4.O-O e6 5.d3 Bd6 6.e4 Nge7 7.Re1 O-O 8.e5 Bc7
9.c3 b6 10.h4 Ba6 11.h5 h6 12.a4 Qd7 13.Na3 d4 14.c4 Bb7 15.Bf4 a6 16.Nc2 Kh8
17.Nh2 Ng8 18.Ng4 f5 19.Nh2 Rab8 20.Nf3 Bd8 21.Rb1 Be7 22.Bd2 a5 23.Na3 Na7
24.Kf1 Qe8 25.Ng1 Bxg2+ 26.Kxg2 Qf7 27.Nh3 Bd8 28.Nf4 Ne7 29.Qf3 Kh7 30.Re2 Re8
31.Rh1 Ng8 32.g4 fxg4 33.Qxg4 Bg5 34.Ng6 Bxd2 35.Rxd2 Ne7 36.Nf4 Qf5 37.Qxf5+ Nxf5
38.Kh3 Kg8 39.Rg1 Kf7 40.Rg6 Nc6 41.Re2 Nce7 42.Rxe6 Red8 43.Nb5 Rd7 44.Kg4  1-0

[Event "SportAccord Rapid Men 2013"]
[Site "Beijing CHN"]
[Date "2013.12.13"]
[Round "5.8"]
[White "Giri,A"]
[Black "Ponomariov,R"]
[Result "0-1"]
[WhiteElo "2734"]
[BlackElo "2731"]

1.Nf3 d5 2.g3 g6 3.Bg2 Bg7 4.d4 c6 5.O-O Nf6 6.b3 O-O 7.Bb2 a5 8.c4 a4 9.bxa4 dxc4
10.Na3 Qa5 11.Nxc4 Qxa4 12.Qc1 Qa6 13.a4 Be6 14.Nfd2 Nbd7 15.e4 Nb6 16.Nxb6 Qxb6
17.Bc3 Rfd8 18.a5 Qa7 19.Qb2 Ne8 20.d5 cxd5 21.exd5 Bxc3 22.Qxc3 Bxd5 23.Bxd5 Rxd5
24.Nc4 Rad8 25.Nb6 Rd3 26.Qe5 e6 27.Rac1 Qa6 28.Qc5 h5 29.Nc8 Nf6 30.Rb1 R3d7
31.Nb6 Rd2 32.Nc4 Ne4 33.Qb5 R2d5 34.Qxa6 bxa6 35.Rb4 Nc3 36.Rb6 Rc5 37.Nd6 Rxa5
38.Rc6 Ne2+ 39.Kg2 Nd4 40.Rb6 Nf5 41.Ne4 Kg7 42.Re1 Rd7 43.Ng5 Ra2 44.Rb3 a5
45.Reb1 Rdd2 46.Rf3 Rab2 47.Rc1 Rbc2 48.Rb1 Rd7 49.Ra3 Rc5 50.h4 Ra7 51.Rb8 Rd5
52.Ne4 Nd6 53.Ng5 a4  0-1

[Event "FSFMA December 2013"]
[Site "Budapest HUN"]
[Date "2013.12.13"]
[Round "6.1"]
[White "Nagy,Ar"]
[Black "Bohus,Adam"]
[Result "1-0"]
[WhiteElo "2127"]
[BlackElo "2013"]

1.Nf3 d5 2.g3 Nc6 3.d4 Bg4 4.Bg2 Qd7 5.c4 Bxf3 6.Bxf3 dxc4 7.O-O e6 8.Qa4 Nf6
9.Rd1 Be7 10.Qxc4 O-O 11.Nc3 Rad8 12.Bxc6 bxc6 13.Bg5 Rb8 14.b3 Rb4 15.Qa6 Rb6
16.Qd3 Rd8 17.Rac1 Rb4 18.e3 c5 19.Bxf6 Bxf6 20.Ne4 cxd4 21.Nxf6+ gxf6 22.a3 Rb6
23.exd4 Rd6 24.Qc3 c6 25.b4 Kg7 26.Re1 Rxd4 27.Qxc6 Qe7 28.Qc5 Qb7 29.Qc6 Qe7
30.Rc4 Rxc4 31.Qxc4 Qb7 32.Qg4+ Kh8 33.Rc1 Qa6 34.Qf3 Kg7 35.Rc5 Rd3 36.Qg4+ Kf8
37.b5 Qd6 38.Rc8+ Ke7 39.Qb4 Qxb4 40.axb4 Rb3 41.Rc7+ Kf8 42.Rxa7 Rxb4 43.Rb7 Kg7
44.Kg2 Kg6 45.b6 h5 46.Rb8 Kf5 47.h4 Ke5 48.b7 f5 49.Kf3 Rb3+ 50.Ke2 Ke4
51.f3+ Ke5 52.Kd2 Kd6 53.Rd8+ Kc7 54.b8=Q+ Rxb8 55.Rxb8 Kxb8 56.g4 fxg4 57.fxg4 hxg4
58.h5 g3 59.Ke2  1-0

[Event "5th Penang Open 2013"]
[Site "George Town MAS"]
[Date "2013.12.13"]
[Round "8.32"]
[White "Albakh,Ghassan Syaqiq"]
[Black "Tan,Soon Wei Dawson"]
[Result "1-0"]
[WhiteElo "1911"]
[BlackElo "1705"]

1.Nf3 d5 2.g3 c6 3.Bg2 Nf6 4.O-O e6 5.b3 Nbd7 6.Bb2 Be7 7.c4 O-O 8.d3 Re8
9.Nbd2 Bf8 10.Rc1 Bd6 11.Qc2 a5 12.Rfd1 Qe7 13.Re1 Ba3 14.e4 Bxb2 15.Qxb2 dxe4
16.dxe4 e5 17.Qc3 Nc5 18.h3 b6 19.Kh2 Bb7 20.Re3 Rad8 21.b4 axb4 22.Qxb4 Nd3
23.Qxe7 Rxe7 24.Rb1 c5 25.Kg1 Re6 26.a3 Red6 27.Bf1 Nxe4 28.Nxe4 Bxe4 29.Rxe4 f5
30.Re3 e4 31.Nh4 g6 32.g4 Rf6 33.gxf5 gxf5 34.Bxd3 exd3 35.Rd1 Rd4 36.Nf3 Rxc4
37.Rexd3 Ra4 38.Kh2 Kg7 39.Ne5 Re6 40.Nf3 Re2 41.Kg2 h6 42.Rd7+ Kf6 43.Rh7 Kg6
44.Rdd7 Re6 45.Rdf7 Rxa3 46.Rhg7+  1-0

[Event "Russian Cup Final 2013"]
[Site "Khanty-Mansiysk RUS"]
[Date "2013.12.13"]
[Round "1.5"]
[White "Maletin,P"]
[Black "Sjugirov,S"]
[Result "0-1"]
[WhiteElo "2598"]
[BlackElo "2641"]

1.g3 d5 2.Nf3 Nf6 3.Bg2 c6 4.O-O Bg4 5.c4 e6 6.d3 Nbd7 7.cxd5 exd5 8.h3 Bxf3
9.exf3 Be7 10.f4 O-O 11.Nd2 Re8 12.Nf3 a5 13.Ne5 Qb6 14.d4 a4 15.Rb1 Nf8
16.Be3 Ne4 17.a3 f6 18.Nf3 Nd6 19.g4 Ra5 20.f5 Rb5 21.Qxa4 Rxb2 22.Rxb2 Qxb2
23.Bf4 Ne4 24.h4 Nc3  0-1

[Event "ch-European Blitz 2013"]
[Site "Warsaw POL"]
[Date "2013.12.13"]
[Round "1.1"]
[White "Malakhov,V"]
[Black "Plonczak,M"]
[Result "1-0"]
[WhiteElo "2716"]
[BlackElo "1936"]

1.Nf3 d5 2.g3 c5 3.Bg2 Nc6 4.d4 e6 5.O-O Nf6 6.c4 Be7 7.dxc5 Bxc5 8.cxd5 exd5
9.Nc3 Be6 10.Na4 Be7 11.Be3 O-O 12.Nd4 Ng4 13.Nxc6 bxc6 14.Bc5 Bxc5 15.Nxc5 Qb6
16.Qd4 Nf6 17.Rac1 Rfc8 18.b3 Rab8 19.Rfd1 Qb4 20.Qe3 Re8 21.Na6 Qb7 22.Nxb8 Qxb8
23.Qc5 Bd7 24.e3 Ne4 25.Qd4 Qc8 26.Qxa7 Bh3 27.Rxd5 Bxg2 28.Kxg2 Qe6  1-0

[Event "ch-European Blitz 2013"]
[Site "Warsaw POL"]
[Date "2013.12.13"]
[Round "2.2"]
[White "Plonczak,D"]
[Black "Dreev,A"]
[Result "0-1"]
[WhiteElo "2216"]
[BlackElo "2673"]

1.Nf3 d5 2.g3 c6 3.Bg2 Bg4 4.O-O Nd7 5.d3 e5 6.c4 dxc4 7.dxc4 Ngf6 8.Qc2 h6
9.Rd1 Qc7 10.Nh4 Bc5 11.Nf5 O-O 12.Nc3 Rad8 13.Na4 Rfe8 14.Nxc5 Nxc5 15.Be3 Ne6
16.h3 Bxf5 17.Qxf5 Nd4 18.Bxd4 exd4 19.Bf3 Qb6 20.Rd2 Qb4 21.Qc2 a5 22.a3 Qc5
23.Rad1 Rd6 24.b4 axb4 25.axb4 Qxb4 26.Rxd4 Rxd4 27.Rxd4 Qc5 28.Rd2 Qb4 29.Kg2 g6
30.Rd1 Kg7 31.Rb1 Qe7 32.Qb2 Rb8 33.Bxc6 Qc5 34.Bd5 b5 35.Qb4 Qxb4 36.Rxb4 Nxd5
37.cxd5 Kf6 38.e4 Ke5 39.f4+ Kd6 40.Rb2 b4 41.Kf3 b3 42.Ke3 f5 43.exf5 gxf5
44.g4 Kxd5 45.gxf5 Kc4 46.f6 Re8+ 47.Kf3 Re6 48.Kg4 Rxf6 49.f5 Kc3 50.Rf2 b2
51.Rf3+ Kc4 52.Rf1 Rb6 53.Kh5 b1=Q 54.Rxb1 Rxb1 55.Kxh6 Kd5 56.f6 Ke6 57.Kg5 Rg1+  0-1

[Event "ch-European Blitz 2013"]
[Site "Warsaw POL"]
[Date "2013.12.13"]
[Round "3.1"]
[White "Dubov,Daniil"]
[Black "Przedmojski,R"]
[Result "1-0"]
[WhiteElo "2629"]
[BlackElo "2367"]

1.Nf3 d5 2.g3 c6 3.Bg2 Nf6 4.O-O Bf5 5.d3 Nbd7 6.Nh4 Bg4 7.h3 Bh5 8.g4 Bxg4
9.hxg4 Nxg4 10.e4 Ngf6 11.f4 e6 12.e5 Ng8 13.Nf3 Bc5+ 14.d4 Bb6 15.Be3 Ne7
16.Nbd2 Nf5 17.Bf2 Qe7 18.c4 f6 19.cxd5 cxd5 20.Bh3 Nh6 21.Kh1 O-O-O 22.Bh4 Kb8
23.Re1 Qf7 24.exf6 Qh5 25.fxg7 Rhg8 26.Rg1 Nf5 27.Bxf5 exf5 28.Qe1 Rde8 29.Qg3 Qf7
30.Rae1 Rxe1 31.Qxe1 Rxg7 32.Rxg7 Qxg7 33.Qe8+ Kc7 34.Ne5 Nf6 35.Bxf6 Qxf6
36.Ndf3 Qh6+ 37.Kg2 Qxf4 38.Qd7+ Kb8 39.Qd6+ Kc8 40.Qe6+ Kc7 41.Qxd5 h5 42.Qc4+ Kd6
43.Qb4+ Kd5 44.Qb5+ Ke4 45.Qd3+ Kd5 46.Qc4+ Kd6 47.Qf7  1-0

[Event "ch-European Blitz 2013"]
[Site "Warsaw POL"]
[Date "2013.12.13"]
[Round "4.1"]
[White "Petrosian,TL"]
[Black "Drozdowski,K"]
[Result "0-1"]
[WhiteElo "2648"]
[BlackElo "2463"]

1.Nf3 d5 2.g3 e6 3.Bg2 Nf6 4.O-O Be7 5.d3 O-O 6.Nbd2 c5 7.e4 Nc6 8.Re1 Qc7
9.e5 Nd7 10.Qe2 f6 11.exf6 Nxf6 12.c3 Bd6 13.a3 Bd7 14.b4 cxb4 15.axb4 a6
16.Nb3 Rae8 17.Bg5 h6 18.Be3 e5 19.Bc5 Bg4 20.h3 Bh5 21.Qe3 Bf7 22.Bxd6 Qxd6
23.Qc5 Qb8 24.Na5 Rc8 25.Qb6 Nxa5 26.bxa5 e4 27.Nd4 Rxc3 28.dxe4 dxe4 29.Rab1 Qe5
30.Ne2 Ra3 31.Qxb7 Rxa5 32.Nf4 Ra2 33.Qb4 a5 34.Qb6 a4 35.Bf1 a3 36.Qb4 Rc8
37.Rbc1 Rxc1 38.Rxc1 e3 39.Rc8+ Ne8 40.f3 e2 41.Bxe2 Qe3+ 42.Kg2 Rxe2+ 43.Nxe2 Qxe2+
44.Kg1 a2 45.Qa4 Qe1+ 46.Kg2 a1=Q  0-1

[Event "ch-European Blitz 2013"]
[Site "Warsaw POL"]
[Date "2013.12.13"]
[Round "6.2"]
[White "Tkachiev,V"]
[Black "Miton,K"]
[Result "1/2-1/2"]
[WhiteElo "2637"]
[BlackElo "2591"]

1.Nf3 d5 2.g3 Nf6 3.Bg2 g6 4.c4 c6 5.b3 Bg7 6.Bb2 O-O 7.O-O a5 8.d3 a4 9.Na3 axb3
10.axb3 Bg4 11.Ne5 Be6 12.Nc2 Na6 13.Qd2 Ng4 14.cxd5 cxd5 15.d4 Nxe5 16.dxe5 Qd7
17.Nd4 Bh3 18.Bxh3 Qxh3 19.Qe3 Qd7 20.Ba3 Rfc8 21.Rac1 Nc7 22.Bb4 Ne6 23.f4 Nxd4
24.Qxd4 e6 25.Qd3 Rc6 26.Rxc6 Qxc6 27.Bd2 Bf8 28.Rc1 Qd7 29.Qc2 Qb5 30.Qd3 Qd7
31.Qc2 Qb5 32.Qd3 Qd7 33.Qc2  1/2-1/2

[Event "ch-European Blitz 2013"]
[Site "Warsaw POL"]
[Date "2013.12.13"]
[Round "9.1"]
[White "Dubov,Daniil"]
[Black "Malakhov,V"]
[Result "1/2-1/2"]
[WhiteElo "2629"]
[BlackElo "2716"]

1.Nf3 d5 2.g3 Nf6 3.Bg2 c6 4.O-O Bg4 5.d3 e6 6.h3 Bh5 7.Nh4 Be7 8.f4 Nfd7
9.Nf3 Bxf3 10.Bxf3 Na6 11.Bg2 O-O 12.e4 Nc7 13.Kh2 a5 14.Qe2 a4 15.a3 Nb5
16.Nd2 Re8 17.Nf3 Bf8 18.e5 Qb6 19.c3 Nc5 20.Be3 Qd8 21.Rad1 Nb3 22.d4 Na5
23.g4 Nc4 24.Bc1 Nc7 25.f5 f6 26.Bf4 Qd7 27.Qc2 Ra5 28.Rde1 Rb5 29.Bc1 Na6
30.Kh1 fxe5 31.dxe5 Nc5 32.f6 Ne4 33.Rxe4 dxe4 34.Ng5 gxf6 35.exf6 Rd8 36.f7+ Kh8
37.Qxe4 Qd3 38.Qxd3 Rxd3 39.Nxe6 Nd6 40.Nxf8 Nxf7 41.Be4 Rd8 42.Ne6 Re8 43.Nc7 Rxe4
44.Nxb5 cxb5 45.Kg2 Kg7 46.Bf4 Kg6 47.Kf3 Re6 48.Rd1 h5 49.Rd5 hxg4+ 50.hxg4 Rb6
51.Kg3 b4 52.axb4 Rc6 53.Rb5 a3 54.bxa3 Rxc3+ 55.Kh4 Rxa3 56.Rb6+ Kg7 57.Rxb7 Rb3
58.b5 Rb4 59.Kg3 Rb3+ 60.Kh4 Rb4 61.Be5+ Kg8 62.Rb8+ Kh7 63.Rb7 Kg8 64.Bf6 Nd6
65.Rg7+ Kf8 66.Rd7 Nxb5 67.Rb7 Rb3 68.Rb6 Rf3 69.Kg5 Nc7 70.Kg6 Ne8 71.Be5 Rf7
72.g5 Rd7 73.Re6 Ng7 74.Rf6+ Kg8 75.Rb6 Re7 76.Rb5 Re6+ 77.Bf6 Ne8 78.Rb7 Re1
79.Rb8 Re2 80.Ra8 Re1 81.Bc3 Re3 82.Bd4 Re2 83.Bf6 Re1 84.Bd4 Re2 85.Rb8 Re1
86.Rc8 Re2 87.Kf5 Kf7 88.g6+ Ke7 89.Ra8 Re1 90.Ra7+ Kd6 91.Rf7 Rf1+ 92.Kg5 Rd1
93.Be3 Ke6 94.Rf8 Kd7 95.Kh6 Rh1+ 96.Kg5 Re1 97.Bf2 Rf1 98.Rf7+ Ke6 99.Rf3 Rd1
100.Re3+ Kd7 101.Bg3 Rg1 102.Rd3+ Ke6 103.Re3+ Kd7 104.Kf5 Rf1+ 105.Ke5 Rg1
106.Ra3 Rg2 107.Ra7+ Kc6 108.Kf4 Re2 109.Kf3 Re6 110.Ra6+ Kd5 111.Ra5+ Kc6
112.Rg5 Kd7 113.Be5 Ra6 114.Kf4 Ke6 115.Bd4 Ra4 116.Re5+ Kd7 117.Ke3 Ra2
118.Rd5+ Ke6 119.Re5+ Kd7 120.Bc5 Rg2 121.Re7+ Kd8 122.Re6 Kd7 123.Ra6 Nc7
124.Rd6+ Kc8 125.Ke4 Ne8 126.Re6 Kd7 127.Ra6 Rg5 128.Be3 Rg2 129.Bf4 Ke7
130.Kf5 Kd7 131.Ra7+ Kc8 132.Re7 Kd8 133.Ra7 Kc8 134.Be5 Rg1 135.Ra8+ Kd7
136.Ra7+ Kc8 137.Rh7 Rg2 138.Bf4 Rg1 139.Re7 Kd8 140.Ra7 Kc8 141.Ra8+ Kd7
142.Ra7+ Kc8 143.Be3 Rg3 144.Ra8+ Kd7 145.Bf4 Rg1 146.Ra7+ Kc8 147.Re7 Kd8
148.Rb7 Kc8 149.Ra7 Rg2 150.Ra6 Kd7 151.Bg5 Rf2+ 152.Kg4 Rg2+ 153.Kf4 Rf2+
154.Kg3 Rf1 155.Ra7+ Ke6 156.Re7+ Kf5 157.Kg2 Rb1 158.Rxe8 Kxg6 159.Be3 Kf5
160.Kf3 Rf1+ 161.Bf2 Rb1 162.Rh8 Rb3+ 163.Be3 Rb1 164.Rh5+ Ke6 165.Ke4 Re1
166.Rh6+ Ke7 167.Ra6 Kd7 168.Kd4 Rd1+ 169.Ke5 Re1 170.Ke4 Ke7 171.Rh6 Kd7
172.Kd4 Rd1+ 173.Kc5 Re1 174.Bd4 Rc1+ 175.Kd5 Rd1 176.Rh7+ Kd8 177.Ke5 Kc8
178.Bc5 Rd7 179.Rh8+ Kb7 180.Bd6 Rg7 181.Kd5 Rg5+ 182.Be5 Kb6 183.Rb8+ Ka5
184.Rb1 Rh5 185.Kd6 Ka4 186.Bd4 Rb5 187.Rf1 Kb3 188.Bc5 Kc4 189.Rf4+ Kd3
190.Kd5 Rb8 191.Rf3+ Ke2 192.Re3+ Kd2 193.Rh3 Rd8+ 194.Kc4 Ke2 195.Re3+ Kf1
196.Rg3 Ke2 197.Bd4 Re8 198.Be5 Re7 199.Rg2+ Ke1 200.Rh2 Re8  1/2-1/2

[Event "ch-European Blitz 2013"]
[Site "Warsaw POL"]
[Date "2013.12.13"]
[Round "10.2"]
[White "Malakhov,V"]
[Black "Petrosian,TL"]
[Result "0-1"]
[WhiteElo "2716"]
[BlackElo "2648"]

1.Nf3 d5 2.g3 c6 3.Bg2 Nf6 4.O-O Bg4 5.c4 e6 6.cxd5 exd5 7.d3 Be7 8.Nc3 O-O
9.Qb3 Qb6 10.Qc2 Na6 11.a3 Rfe8 12.b4 Qd8 13.e4 Nc7 14.e5 Nd7 15.d4 Ne6 16.Be3 f6
17.exf6 Bxf6 18.Ne2 Nb6 19.h3 Bh5 20.Nf4 Nxf4 21.Bxf4 Bxf3 22.Bxf3 Bxd4 23.Rad1 Be5
24.Bc1 Qf6 25.Bg2 a6 26.a4 Bd4 27.Qd3 Bc3 28.b5 Nxa4 29.bxc6 bxc6 30.Qc2 Nb2
31.Bxb2 Bxb2 32.Rb1 Rab8 33.Qa4 Bd4 34.Rbc1 c5 35.Bxd5+ Kh8 36.Rc2 Qd6 37.Bg2 Qxg3
38.Qxd4 Qxg2+ 39.Kxg2 cxd4 40.Rd1 Red8 41.Rd3 a5 42.Ra2 Ra8 43.Ra4 Kg8 44.Kf3 Kf7
45.Ke4 Kf6 46.Rdxd4 Rxd4+ 47.Kxd4 Kf5 48.Ke3 Ke5 49.h4 Kd5 50.Kd3 Kc5 51.Kc3 Kb5
52.Rg4 Ra7 53.Rg5+ Kc6 54.Kb3 a4+ 55.Ka3 Kd6 56.h5 Ke6 57.f4 Rf7 58.Re5+ Kd6
59.Rg5 h6 60.Rb5 Rxf4 61.Rb7 Rg4 62.Rb6+ Ke5 63.Rb5+ Kf6 64.Rb1 Rh4 65.Rb5 Rg4
66.Rb1 Kg5 67.Rh1 Kf5 68.Rh2 Kg5 69.Rh1 g6 70.hxg6 Kxg6 71.Rb1 h5 72.Rb6+ Kg5
73.Rb5+ Kh4 74.Re5 Rf4 75.Re8 Kh3 76.Rg8 h4  0-1

[Event "ch-European Blitz 2013"]
[Site "Warsaw POL"]
[Date "2013.12.13"]
[Round "10.1"]
[White "Petrosian,TL"]
[Black "Malakhov,V"]
[Result "1-0"]
[WhiteElo "2648"]
[BlackElo "2716"]

1.Nf3 d5 2.g3 Nf6 3.Bg2 c6 4.c4 Bg4 5.Ne5 Be6 6.O-O Nbd7 7.cxd5 Bxd5 8.Nf3 e6
9.Nc3 Be7 10.d3 Bxf3 11.Bxf3 O-O 12.Bg2 Nd5 13.Bd2 Bg5 14.Be1 Bf6 15.Qc2 g6
16.Ne4 Bg7 17.Rb1 a5 18.a3 a4 19.Bd2 Qb6 20.h4 h5 21.Rfc1 Rfd8 22.b4 axb3
23.Rxb3 Qa6 24.Rcb1 b5 25.Rc1 Qa4 26.Nc3 Bxc3 27.Bxc3 Nc5 28.Rbb1 Qxc2 29.Rxc2 Nd7
30.Bb2 Ra6 31.Rbc1 Rc8 32.e4 Ne7 33.f4 Re8 34.Bf3 Nb8 35.Kf2 Nd7 36.Ke3 Kh7
37.Kd2 c5 38.g4 hxg4 39.Bxg4 f5 40.Bf3 Nc6 41.h5 gxh5 42.Rh1 e5 43.Bxh5 Re7
44.fxe5 Nd4 45.Bxd4 cxd4 46.Rc7 Kg7 47.exf5 Rxe5 48.Rxd7+ Kf6 49.Rf7+ Kg5
50.Rg1+ Kf4 51.Rg4+ Kf3 52.Re4+  1-0

[Event "ch-European Blitz 2013"]
[Site "Warsaw POL"]
[Date "2013.12.13"]
[Round "11.1"]
[White "Grigoryan,K2"]
[Black "Sargissian,G"]
[Result "0-1"]
[WhiteElo "2604"]
[BlackElo "2675"]

1.Nf3 d5 2.g3 c6 3.Bg2 Bg4 4.O-O e6 5.c4 Nf6 6.d3 dxc4 7.dxc4 Qxd1 8.Rxd1 Nbd7
9.h3 Bxf3 10.exf3 Be7 11.f4 g6 12.Nc3 O-O-O 13.b3 h5 14.h4 Nc5 15.Be3 Ng4
16.Bd4 Rxd4 17.Rxd4 Bf6 18.Rad1 Bxd4 19.Rxd4 Rd8 20.Rxd8+ Kxd8 21.b4 Nd3
22.b5 Kc7 23.bxc6 bxc6 24.Ne4 Nb4 25.a4 a5 26.c5 Nd3 27.Bf1 Nb2 28.Nc3 Nf6
29.f5 exf5 30.Kg2 Ne4  0-1

[Event "SportAccord Blitz Men 2013"]
[Site "Beijing CHN"]
[Date "2013.12.14"]
[Round "5.3"]
[White "Le Quang Liem"]
[Black "Ponomariov,R"]
[Result "1-0"]
[WhiteElo "2703"]
[BlackElo "2731"]

1.Nf3 d5 2.g3 g6 3.Bg2 Bg7 4.O-O e5 5.d3 Ne7 6.e4 d4 7.a4 c5 8.Na3 Nbc6 9.c3 h6
10.cxd4 cxd4 11.Bd2 O-O 12.b4 Bg4 13.Nc4 Rc8 14.b5 Nb8 15.Bb4 Nd7 16.Qd2 b6
17.a5 Be6 18.axb6 axb6 19.Rfc1 Bxc4 20.dxc4 Nc5 21.Qc2 Qd7 22.Ne1 f5 23.Bxc5 Rxc5
24.Nd3 Rc7 25.c5 bxc5 26.b6 Rcc8 27.Nxc5 Qd6 28.b7 Rb8 29.Ra6 Qc7 30.exf5 gxf5
31.Qb1 e4 32.Nxe4 Qe5 33.Nc5  1-0

[Event "Bundesliga 2013-14"]
[Site "Hockenheim GER"]
[Date "2013.12.14"]
[Round "5"]
[White "Appel,R"]
[Black "Movsesian,S"]
[Result "0-1"]
[WhiteElo "2535"]
[BlackElo "2696"]

1.Nf3 d5 2.g3 c6 3.Bg2 Bg4 4.O-O Nd7 5.d3 Ngf6 6.Nbd2 e5 7.e4 Bd6 8.h3 Bh5
9.Qe1 O-O 10.Nh4 Re8 11.Kh1 Nc5 12.Nb3 Ne6 13.Bd2 Qc7 14.Rc1 dxe4 15.dxe4 Nd7
16.Be3 a5 17.a3 a4 18.Nd2 f6 19.f3 Rad8 20.Rf2 Bf8 21.Nf5 Bf7 22.Nf1 Nb6
23.Qc3 c5 24.Rd2 Rxd2 25.Nxd2 Nd4 26.Nxd4 exd4 27.Bxd4 Qxg3 28.Bg1 Nd5 29.Nf1 Qxg2+
30.Kxg2 Nxc3 31.bxc3 b5 32.Rb1 Rb8 33.Ne3 Be6 34.Bh2 Rd8 35.Bc7 Rd2+ 36.Kg3 Bd7
37.h4 Kf7 38.Bf4 Re2 39.Rb2 c4 40.Ra2 Bc5 41.Ng2 h5 42.Kh2 g5  0-1

[Event "5th Classic KO 2013"]
[Site "London ENG"]
[Date "2013.12.14"]
[Round "1.1"]
[White "Caruana,F"]
[Black "Gelfand,B"]
[Result "1/2-1/2"]
[WhiteElo "2782"]
[BlackElo "2777"]

1.Nf3 d5 2.g3 g6 3.Bg2 Bg7 4.O-O Nf6 5.c4 c6 6.b3 Ne4 7.d4 O-O 8.Bb2 Bf5
9.e3 Qa5 10.Nh4 Be6 11.Qc2 g5 12.Nf3 Nd7 13.Nc3 Ndf6 14.Ne5 g4 15.Nxe4 Nxe4
16.Bxe4 dxe4 17.Bc3 Qc7 18.Qxe4 f5 19.Qf4 Bxe5 20.dxe5 Rf7 21.Rad1 Rg7 22.Rd2 Rf8
23.Rfd1 Rg6 24.e4 Qb6 25.exf5 Rxf5 26.Rd8+ Kf7 27.Qd2 Rg8 28.Rxg8 Kxg8 29.Ba5 Qc5
30.Bb4 Qxe5 31.Re1 Qf6 32.Qe3 Kf7 33.Bc3 Qg6 34.Qxa7 b5 35.cxb5 cxb5 36.a4 bxa4
37.bxa4 Rd5 38.a5 Qd3 39.Qc7 Qf3 40.Qc6 Rd6 41.Qxf3+ gxf3 42.h3 Bxh3 43.Bb4 Re6
44.Rxe6 Bxe6 45.a6 Bd5 46.a7 h5 47.Kf1 e5 48.Ke1 Ke6 49.Kd2 Kd7 50.Bc3 Kc8
51.Bxe5 Kb7 52.Ke3 Kxa7 53.Kf4 Ka6 54.Kg5 Bf7 55.Kf4 Bd5 56.Kg5 Bf7  1/2-1/2

[Event "5th Classic Open 2013"]
[Site "London ENG"]
[Date "2013.12.14"]
[Round "8.17"]
[White "Zhou,Y"]
[Black "Longson,A"]
[Result "1/2-1/2"]
[WhiteElo "2483"]
[BlackElo "2333"]

1.Nf3 d5 2.g3 g6 3.c4 c6 4.Bg2 Bg7 5.cxd5 cxd5 6.d4 Nf6 7.O-O O-O 8.Nc3 Nc6
9.Ne5 e6 10.f4 Nd7 11.e3 Nb6 12.Nd3 Nc4 13.b3 Nd6 14.Bb2 Nf5 15.Re1 Nxe3
16.Rxe3 Bxd4 17.Nxd5 exd5 18.Bxd4 Nxd4 19.Re5 Nc6 20.Rxd5 Qb6+ 21.Kh1 Be6
22.Rd6 Rad8 23.Rxd8 Rxd8 24.Qf1 Nd4  1/2-1/2

[Event "ch-European Rapid 2013"]
[Site "Warsaw POL"]
[Date "2013.12.14"]
[Round "5.14"]
[White "Dubov,Daniil"]
[Black "Drozdowski,K"]
[Result "1-0"]
[WhiteElo "2629"]
[BlackElo "2463"]

1.Nf3 d5 2.g3 Nf6 3.Bg2 e6 4.O-O Be7 5.c4 O-O 6.b3 a5 7.Nc3 c6 8.Bb2 Nbd7
9.Qc2 Re8 10.Rac1 Bf8 11.d4 Rb8 12.e4 dxe4 13.Nxe4 Nxe4 14.Qxe4 h6 15.Rfd1 a4
16.Qf4 Qf6 17.Qd2 Qf5 18.b4 Rd8 19.a3 b5 20.d5 c5 21.Nh4 Qg5 22.dxe6 fxe6
23.f4 Qe7 24.Ng6 Qf7 25.Nxf8 Rxf8 26.cxb5 cxb4 27.Qxb4 Bb7 28.Rc7 Bd5 29.Qd6 Rxb5
30.Rxd7 Rxb2 31.Rxf7 Rxg2+ 32.Kf1 Rxf7 33.Rxd5 Rxh2 34.Qxe6  1-0

[Event "SportAccord Blitz Men 2013"]
[Site "Beijing CHN"]
[Date "2013.12.15"]
[Round "11.6"]
[White "Karjakin,Sergey"]
[Black "Ponomariov,R"]
[Result "1-0"]
[WhiteElo "2756"]
[BlackElo "2731"]

1.Nf3 d5 2.g3 g6 3.Bg2 Bg7 4.O-O Nf6 5.b3 O-O 6.Bb2 c5 7.c4 Nc6 8.cxd5 Nxd5
9.Bxg7 Kxg7 10.d4 cxd4 11.Nxd4 Nxd4 12.Qxd4+ Nf6 13.Qe5 Qd6 14.Qxd6 exd6
15.Nc3 Rd8 16.Rfd1 a6 17.Rd4 Rb8 18.Rad1 Bf5 19.e4 Bg4 20.e5 Bxd1 21.exf6+ Kxf6
22.Rxd1 Kg7 23.Nd5 Rbc8 24.Ne3 Rc7 25.Kf1 a5 26.Ke2 b5 27.Rd5 Rc5 28.Rd4 h5
29.Be4 Kf8 30.Bd3 Ke7 31.Nd5+ Kf8 32.Kd2 Rdc8 33.Nb6 Rd8 34.Nd5 b4 35.Bc4 Kg7
36.Rf4 Rd7 37.h4 Ra7 38.Kd3 Rc8 39.Re4 Kf8 40.Kd4 Re8 41.Nf6 Rxe4+ 42.Nxe4 Ke7
43.Ng5 f5 44.Ne6 Kf6 45.Nf4 g5 46.hxg5+ Kxg5 47.Kd5 a4 48.Kxd6 axb3 49.axb3 Ra2
50.f3 Ra1 51.Kc5 Rg1 52.Nh3+  1-0

[Event "SportAccord Blitz Women 2013"]
[Site "Beijing CHN"]
[Date "2013.12.15"]
[Round "12.7"]
[White "Gunina,V"]
[Black "Sebag,M"]
[Result "1/2-1/2"]
[WhiteElo "2509"]
[BlackElo "2501"]

1.Nf3 d5 2.g3 c6 3.Bg2 Bg4 4.O-O Nd7 5.d3 Ngf6 6.Nbd2 e5 7.e4 dxe4 8.dxe4 Be7
9.Qe1 O-O 10.h3 Bxf3 11.Nxf3 Re8 12.Qe2 Bf8 13.b3 Nc5 14.Nh4 Ne6 15.Bb2 Nd4
16.Qd3 c5 17.Kh2 Qc7 18.c3 Nc6 19.Nf5 Rad8 20.Qe2 a6 21.Ne3 b5 22.Rad1 Ne7
23.c4 b4 24.Nd5 Nexd5 25.cxd5 a5 26.Rc1 Qd7 27.Qc2 a4 28.f4 exf4 29.gxf4 Nh5
30.e5 axb3 31.axb3 Ra8 32.e6 fxe6 33.dxe6 Qxe6 34.Rce1 Qf7 35.Bxa8 Rxa8 36.Be5 Be7
37.Rg1 g6 38.f5 g5 39.Ref1 Bf6 40.Qxc5 Ra2+ 41.Rg2 Rxg2+ 42.Kxg2 Qxb3 43.Qc8+ Kg7
44.Qb7+ Kh6 45.Bxf6 Nxf6 46.Qc6 Qb2+ 47.Rf2 Qe5 48.Qe6 Qd4 49.Rc2 g4 50.hxg4 Qxg4+
51.Kf2 Qf4+ 52.Ke2 Kg5 53.Rc4 Qh2+ 54.Kd3 Qg3+ 55.Kc2 Qf2+ 56.Kb3 Qxf5 57.Qe3+ Kg6
58.Qg3+ Kf7 59.Rc7+ Ke6 60.Qe3+ Kd6 61.Qb6+ Ke5 62.Rc5+ Nd5 63.Qc7+ Kd4 64.Rc4+ Kd3
65.Qg3+ Ne3 66.Qd6+ Ke2 67.Qh2+ Kd3 68.Rxb4 Qd5+ 69.Kb2 Nc4+ 70.Kb1 Nd2+
71.Kb2 Nc4+ 72.Kb1 Nd2+ 73.Kb2 Nc4+ 74.Kb1 Nd2+ 75.Kb2  1/2-1/2

[Event "SportAccord Blitz Men 2013"]
[Site "Beijing CHN"]
[Date "2013.12.15"]
[Round "14.3"]
[White "Wang Hao"]
[Black "Dominguez Perez,L"]
[Result "1-0"]
[WhiteElo "2735"]
[BlackElo "2754"]

1.Nf3 d5 2.g3 Nf6 3.Bg2 c6 4.O-O Bf5 5.d3 e6 6.Nbd2 h6 7.b3 Be7 8.Bb2 O-O
9.c4 Nbd7 10.Qc2 Bh7 11.Rfe1 a5 12.a3 Bd6 13.e4 dxe4 14.Nxe4 Be7 15.Rad1 Qc7
16.Qc3 Rfe8 17.h4 Rad8 18.Nxf6+ Bxf6 19.d4 Bf5 20.Qe3 c5 21.Rd2 Bg4 22.Nh2 Bh5
23.Bf3 Bg6 24.Red1 cxd4 25.Bxd4 e5 26.Bb2 e4 27.Bxf6 Nxf6 28.Be2 Rxd2 29.Rxd2 Bf5
30.Rd4 Qc5 31.a4 b6 32.Nf1 Bg4 33.Rd2 Qb4 34.Rb2 Bxe2 35.Rxe2 Qd6 36.Rd2 Qe6
37.Qf4 Qe7 38.Rd6 Nd7 39.Ne3 Ne5 40.Nf5 Qc7 41.Kg2 Ng6 42.Rxg6 Qxf4 43.Rxg7+ Kf8
44.gxf4 Rd8 45.Rh7 Kg8 46.Rxh6  1-0

[Event "SportAccord Blitz Men 2013"]
[Site "Beijing CHN"]
[Date "2013.12.15"]
[Round "17.5"]
[White "Le Quang Liem"]
[Black "Dominguez Perez,L"]
[Result "1/2-1/2"]
[WhiteElo "2703"]
[BlackElo "2754"]

1.Nf3 d5 2.g3 Nf6 3.Bg2 c6 4.O-O Bf5 5.d3 e6 6.b3 h6 7.c4 Nbd7 8.Bb2 Be7
9.Nc3 O-O 10.Rc1 Bh7 11.Rc2 a6 12.Qa1 Bd6 13.Rd1 e5 14.cxd5 cxd5 15.Nd2 Rc8
16.Rdc1 d4 17.Nce4 Rxc2 18.Rxc2 Nxe4 19.Nxe4 Bxe4 20.Bxe4 Nc5 21.Bf3 b6 22.Qd1 a5
23.Bc1 f5 24.Bg2 Kh8 25.Bd2 Qf6 26.Rc4 e4 27.dxe4 fxe4 28.Be1 Be5 29.a3 Qf5
30.b4 axb4 31.axb4 Ne6 32.Qb1 b5 33.Bxe4 Qh5 34.Rc6 Ng5 35.Qd3 Nxe4 36.Qxe4 Bf6
37.Rc5 Qf7 38.Rxb5 Re8 39.Qd3 Qe6 40.Kf1 Qh3+ 41.Kg1 Qe6 42.e3 dxe3 43.fxe3 Rd8
44.Qe2 Qb3 45.Rc5 Rd1 46.Kg2 Rb1 47.Rc8+ Kh7 48.Bf2 Qd5+ 49.e4 Qb7 50.Qc2 Rxb4
51.Rc4 Rb2 52.Qd3 Kh8 53.Qf3 Kh7 54.h4 Qb5 55.Rc1 Bd4 56.Rf1 Qe5 57.Qf5+ Qxf5
58.exf5 Kg8 59.Kf3 Bxf2 60.Rxf2 Rb4 61.g4 h5 62.Rg2 hxg4+ 63.Rxg4 Rb3+ 64.Kf4 Kf7
65.Kg5 Rb1 66.Rg2 Ra1 67.Rg3 Rb1 68.Rc3 Rg1+ 69.Kf4 Rf1+ 70.Rf3 Rh1 71.Ra3 Rxh4+
72.Ke5 Rh1 73.Ra7+ Kg8 74.Rb7 Re1+ 75.Kf4 Rf1+ 76.Kg5 Rg1+ 77.Kf4 Rf1+  1/2-1/2

[Event "SportAccord Blitz Women 2013"]
[Site "Beijing CHN"]
[Date "2013.12.15"]
[Round "17.7"]
[White "Ju Wenjun"]
[Black "Ushenina,A"]
[Result "0-1"]
[WhiteElo "2514"]
[BlackElo "2501"]

1.Nf3 d5 2.g3 c6 3.Bg2 Bg4 4.b3 Nf6 5.Bb2 Nbd7 6.c4 e6 7.O-O Bc5 8.d4 Be7
9.Nbd2 h6 10.Ne5 Nxe5 11.dxe5 Nd7 12.h3 Bh5 13.cxd5 cxd5 14.f4 f5 15.exf6 Bxf6
16.Bxf6 Nxf6 17.g4 Bg6 18.Nf3 Be4 19.Qd4 O-O 20.Rac1 Qa5 21.a4 Rac8 22.Ne5 Bxg2
23.Kxg2 Ne4 24.Ng6 Rxc1 25.Rxc1 Re8 26.b4 Qd8 27.h4 a6 28.h5 Qd7 29.Qe5 Nd6
30.a5 Nc4 31.Qd4 e5 32.fxe5 Qe6 33.Rf1 Nxe5 34.Nxe5 Qxe5 35.Qxe5 Rxe5 36.Kf3 Re4
37.Rb1 Rc4 38.b5 Ra4 39.bxa6 bxa6 40.Rb7 Rxa5 41.Kf4 Ra2 42.e3 Re2 43.Ra7 Rf2+
44.Ke5 Re2 45.Kf4 Rf2+ 46.Ke5 Re2 47.Kf4 Ra2 48.Kf5 Rf2+ 49.Ke5 Rf3 50.Rxa6 Rxe3+
51.Kf5 Kh7 52.Rd6 Rd3 53.Ke5 Rg3 54.Kf4 Rd3 55.Ke5 Re3+ 56.Kf4 Re4+ 57.Kf5 Rd4
58.g5 hxg5 59.Kxg5 Rd1 60.Rd7 d4 61.Kf4 d3 62.Ke3 Rh1 63.Kd2 Rxh5 64.Kxd3 Re5
65.Rd6 g6 66.Rd4 Kh6 67.Kd2 Kh5 68.Kd3 g5 69.Kd2 g4 70.Rd8 Kh4 71.Rh8+ Kg3
72.Rg8 Kf3 73.Rf8+ Kg2 74.Kd3 g3 75.Kd4 Re7 76.Rf6 Kh2 77.Rh6+ Kg1 78.Rh8 g2
79.Rh6 Re2 80.Kd3 Rf2 81.Ke3 Kf1 82.Ra6 g1=Q  0-1

[Event "Bundesliga 2013-14"]
[Site "Berlin GER"]
[Date "2013.12.15"]
[Round "6"]
[White "Gonda,L"]
[Black "Breier,A"]
[Result "1-0"]
[WhiteElo "2535"]
[BlackElo "2387"]

1.Nf3 d5 2.g3 Nf6 3.Bg2 Bf5 4.d3 Nc6 5.Nh4 Be6 6.Nd2 g5 7.Nhf3 g4 8.Nh4 Bh6
9.Nb3 Bxc1 10.Qxc1 Qd6 11.c3 O-O-O 12.d4 Nd7 13.Qc2 Rdg8 14.O-O-O Rg5 15.f4 gxf3
16.exf3 Rh5 17.Rhe1 Rg8 18.Bf1 Rxh4 19.gxh4 Qf4+ 20.Qd2 Qxf3 21.Bd3 Nf6 22.Nc5 Bg4
23.Rg1 h5 24.Rde1 Qh3 25.Qf2 Be6 26.Rxg8+ Nxg8 27.Re3  1-0